<?xml version="1.0" encoding="UTF-8"?>
<collection xmlns="http://www.loc.gov/MARC21/slim">
 <record>
  <leader>01999nam a2200217Ia 4500</leader>
  <controlfield tag="001">TDMU_35701</controlfield>
  <controlfield tag="008">210410s9999    xx            000 0 und d</controlfield>
  <datafield tag="082" ind1=" " ind2=" ">
   <subfield code="a">338.064</subfield>
  </datafield>
  <datafield tag="090" ind1=" " ind2=" ">
   <subfield code="b">F510</subfield>
  </datafield>
  <datafield tag="100" ind1=" " ind2=" ">
   <subfield code="a">Fulda, Anne</subfield>
  </datafield>
  <datafield tag="245" ind1=" " ind2="0">
   <subfield code="a">Emmanuel Macron Un jeune homme si parfait  - Chàng trai hoàn hảo</subfield>
  </datafield>
  <datafield tag="245" ind1=" " ind2="0">
   <subfield code="c">Anne Fulda; Nguyễn Quốc Việt (dịch)</subfield>
  </datafield>
  <datafield tag="260" ind1=" " ind2=" ">
   <subfield code="a">H.</subfield>
  </datafield>
  <datafield tag="260" ind1=" " ind2=" ">
   <subfield code="b">Dân Trí</subfield>
  </datafield>
  <datafield tag="260" ind1=" " ind2=" ">
   <subfield code="c">2018</subfield>
  </datafield>
  <datafield tag="300" ind1=" " ind2=" ">
   <subfield code="a">266tr.</subfield>
  </datafield>
  <datafield tag="520" ind1=" " ind2=" ">
   <subfield code="a">Ngay từ khi còn nhỏ, Emmanuel Macron â€“ vị Tổng thống Pháp trẻ nhất trong lịch sử này đã giống như một hoàng tử trong mơ â€“ luôn được vinh danh và đạt những thành tích tốt nhất trong mọi hoạt động ông tham gia. Ông đã nhận được sự yêu thương, khuyến khích từ bà ngoại. Bà là người ông gắn bó mật thiết và có ảnh hưởng lớn đến các mối quan hệ của ông với những vị tiền bối đỡ đầu cho sự nghiệp tài chính cũng như chính trị của ông sau này, thậm chí cả mối quan hệ với cựu tổng thống Pháp â€“ FranÃ§ois Hollande. Những nhận xét tích cực từ các giáo sư đại học, sự quan tâm và ủng hộ của những chuyên gia dày dạn kinh nghiệm trên con đường sự nghiệp là minh chứng cho thấy ông đã â€œhấp dẫnâ€ họ dựa vào trí thông minh và sự đồng cảm tinh tế của mình.</subfield>
  </datafield>
  <datafield tag="650" ind1=" " ind2=" ">
   <subfield code="a">Emmanuel Macron</subfield>
   <subfield code="x">Tổng thống Pháp</subfield>
   <subfield code="x">Cuộc đời và sự nghiệp; Chính trị gia</subfield>
   <subfield code="x">Tổng thống Pháp </subfield>
  </datafield>
  <datafield tag="700" ind1=" " ind2=" ">
   <subfield code="a">Nguyễn, Quốc Việt</subfield>
  </datafield>
  <datafield tag="856" ind1=" " ind2=" ">
   <subfield code="u">http://lrc.tdmu.edu.vn/opac/search/detail.asp?aID=2&amp;ID=35701</subfield>
  </datafield>
  <datafield tag="980" ind1=" " ind2=" ">
   <subfield code="a">Trung tâm Học liệu Trường Đại học Thủ Dầu Một</subfield>
  </datafield>
 </record>
</collection>
